| 000 | 01671nam a2200385 c 4500 | ||
|---|---|---|---|
| 003 | BLK | ||
| 005 | 20241021155920.0 | ||
| 008 | 180408b bul|||||r ||||||| ||bul|| | ||
| 010 | _aKNG00083748000 | ||
| 020 |
_a978-954-423-386-0 _bиздат.: Унив. изд. Паисий Хилендарски |
||
| 040 | _aBLK | ||
| 041 |
_aBUL _cBUL |
||
| 080 |
_a _b376.2/.4 _x.04(075.8) _z376.2/.4.04(075.8) |
||
| 100 | 1 |
_aЛевтерова, Дора Стоилова _eпърви автор _9291344 |
|
| 139 |
_aЛевтерова, Дора Стоилова _bЛ 36 |
||
| 245 | 1 | 0 |
_aИнтегрирано образование _cДора Стоилова Левтерова. |
| 257 | _aBGR | ||
| 260 |
_аПловдив _bУнив. изд. Паисий Хилендарски _c2007 |
||
| 300 |
_a324 с. _bс табл., ил. _c20 см |
||
| 380 | _a3 | ||
| 500 | _aПълното име на авт. е Дора Стоилова Левтерова-Гаджалова. - Библиогр. с. 316-323 | ||
| 504 | _a316-323 | ||
| 650 | 4 |
_aСпециални училища - учебно-възпитателна работа _9248199 |
|
| 650 | 4 |
_aДеца - образование и просвета _9293658 |
|
| 650 | 4 |
_aИнвалиди - образование и просвета _9284865 |
|
| 653 | _aинтегрирано обучение | ||
| 653 | _aспециално образование | ||
| 653 | _aдеца с увреждания | ||
| 852 | _aЦб 239937 | ||
| 856 | 4 |
_qpdf _u |
|
| 856 | 4 |
_qpdf _u |
|
| 942 |
_cKNG _n0 _011 |
||
| 944 |
_aCR _c14.05.2008 _k30553 _lИваничка Йорданова |
||
| 944 |
_aED _c15.01.2009 _k |
||
| 999 |
_c79275 _d79275 |
||